| 000 | 00818nas a2200265 4500 | ||
|---|---|---|---|
| 001 | BR0704110 | ||
| 003 | BR-BrBNA | ||
| 005 | 20231205111104.0 | ||
| 007 | ta | ||
| 008 | 230509b bl.|||p| |||| 00| 00por d | ||
| 040 |
_aBR-BrBNA _bpor _cBiblioteca Nacional de Agricultura |
||
| 041 | _a(Pt) | ||
| 072 | _aL60 | ||
| 100 | 1 | _aIvo, C.T.C. | |
| 100 | 1 | _aSantiago, M.E. | |
| 100 | 1 | _aMonteiro Neto, C. | |
| 245 | 1 | _aFauna acompanhante na pesca de lagostas Panulirus argus (Latreille)e Panulirus iaevicauda (Latreille), no estado do Ceará, Brasil | |
| 650 | _aLAGOSTA | ||
| 650 | _aFAUNA | ||
| 650 | _aPESCA | ||
| 650 | _aCEARÁ | ||
| 773 | 0 |
_tArquivos e Ciências do Mar (Brazil) _xISSN 0374-5686 _g(1996), v. 30(1-2) p. 41-47 _wBR0704110 |
|
| 909 |
_a202311 _bLúcia _c55 _dLúcia Elande |
||
| 942 |
_2AGRIS _n0 _cANA |
||
| 999 |
_c190581 _d190581 |
||